00828nam a2200181 a 450000100100000000500170001000800410002702000180006804000250008610000500011124500690016126000420023030000210027295201200029395201110041395201050052499900170062900003916920201002031528.0130606s2011 dr 000 0 spa d a9789876650397 aDO-SdBNPbspacBNPHU1 aGerónimo Mejía , Fredesvinda Julia96536910aCien poemas y un tesoro /cFredesvinda Julia Gerónimo Mejía. aSanto Domingo :bArte & Parte,c2011. a224 p. ;c22 cm. 001052708DSaGRbGRcCTd2013-06-06iLF1l0o p39169-30r2020-06-25te. 3w2020-06-25yLFDSZPréstamo interno 0010718PDaPDbPDcCTd2013-06-06iLF1l0o p39169-10r2020-06-25te. 2w2020-06-25yLFPDZNo se presta 0010718PDaPDbPDcCTd2013-06-06iLF1l0o p39169-20r2020-06-25w2020-06-25yLFPDZNo se presta c38659d38659